| 000 | 00608nam a2200253Ia 4500 | ||
|---|---|---|---|
| 008 | 180313s9999 xx 000 0 und d | ||
| 020 | _a9789810986988 | ||
| 050 | _bGS FIC B627 2015 bk 1 | ||
| 100 | _aBlabey, Aaron | ||
| 245 | _aBad guys / | ||
| 245 | _cby Aaron Blabey. | ||
| 260 | _aNew York, New York : | ||
| 260 | _bScholastic Inc., | ||
| 260 | _c2015 | ||
| 300 | _a137 pages : | ||
| 300 | _billustrations ; | ||
| 300 | _c19cm. | ||
| 440 | _aThe bad guys ; | ||
| 440 | _vepisode 1. | ||
| 650 | _aGraphic novel. | ||
| 650 | _xGraphic novel. | ||
| 700 | _aSeries. | ||
| 700 | _aTitle. | ||
| 999 |
_c356252 _d356252 |
||